| 000 | 00703nam a2200181Ia 4500 | ||
|---|---|---|---|
| 008 | 151202s9999||||xx |||||||||||||| ||und|| | ||
| 082 | _bPNVM-36127 | ||
| 100 | _aमर्चंट ऑफ व्हेनिस. | ||
| 245 | _aव्हेनिस नगरचा व्यापारी. | ||
| 260 | _bसरीता प्रकाशन पुणे. | ||
| 260 | _c1984 | ||
| 300 | _a84 | ||
| 600 | _aमर्चंट ऑफ व्हेनिस. | ||
| 630 | _aव्हेनिस नगरचा व्यापारी. | ||
| 700 | _aमर्चंट ऑफ व्हेनिस. | ||
| 730 | _aव्हेनिस नगरचा व्यापारी. | ||
| 942 | _cBOOK | ||
| 999 |
_c1302079 _d1302076 |
||